000 00328nam a2200133Ia 4500
008 231129s2005||||xx |||||||||||||| ||spa||
020 _a84-8055-799-0 (obra
040 _bspa
082 _aR 641.5 C659
245 0 _aLa cocina de hoy
260 _c2005
264 _aCultural
942 _2ddc
_cBKS
999 _c16668
_d16668